Uplatnenie marketingu vo vybranej obchodnej firme

Gespeichert in:
Bibliographische Detailangaben
1. Verfasser: Bublávek, Juraj
Format: Buch
Sprache:Slowakisch
Veröffentlicht: Bratislava STU FCHPT 2007
Online-Zugang:Im OPAC anzeigen
Tags: Tag hinzufügen
Keine Tags, Fügen Sie das erste Tag hinzu!

MARC

LEADER 00000nam a2200000 a 4500
005 20260127134141.0
008 060607 2006 xo 000 0 slo d
035 |a vtls009008464 
039 9 |y 200707200942  |z mschk03 
040 |a STUSCHK1  |b slo  |c STUSCHK1  |e AACR2 
100 1 |a Bublávek, Juraj 
245 1 |a Uplatnenie marketingu vo vybranej obchodnej firme  |c Juraj Bublávek 
260 |a Bratislava  |b STU FCHPT  |c 2007 
300 |a 105 s.  |b tab.,grafy, lit.  |c 29 cm 
500 |a Obháj.: 7.6. 2007 
500 |a Špec.: Manažment chemických a potravinárskych podnikov 
500 |a Odddelenie manažmentu 
910 |a SCHK95 
999 |c 5248  |d 5248